| 000 | 01184cam a22002054a 4500 | ||
|---|---|---|---|
| 005 | 20250605164224.0 | ||
| 008 | 250528s ||||||||||||||||||||||||d | ||
| 035 | _a20804 | ||
| 020 | _a9780335235827 | ||
| 040 |
_aGR-AtMCL _bgre _dGR-AtMCL _eAACR2 |
||
| 245 | 1 | _aDoing your Research Project / A Guide for First-Time Researchers in Education, Health and Social Science | |
| 250 | _a5th | ||
| 260 |
_bOpen University Press, _c2010 |
||
| 300 | _a282 | ||
| 520 | _aStep-by-step advice on completing an outstanding research project. Preface, Acknowledgements, Introduction, Preparing the Ground, Approaches to Research, Planning the Project, Ethics and Integrity in Research, Reading and Referencing and the Management of Information, Literature Searching, The Review of Literature, Selecting Methods of Data Collection, The Analysis of Documentary Evidence, Designing and Administering Questionnaire, Planning and Conducting Interviews, Diaries Logs and Critical Incidents, Observation, Interpreting the Evidence and Reporting the Findings, Writing the Report, Postscript, References, Index. | ||
| 700 | 1 |
_aBell Judith _92581 |
|
| 942 | _cBK | ||
| 999 |
_c5886 _d5886 |
||